[Event "TOP 16 GpA"]
[Site "Evry FRA"]
[Date "2010.03.27"]
[Round "2"]
[White "Housieaux,D"]
[Black "Miton,K"]
[Result "0-1"]
[WhiteElo "2431"]
[BlackElo "2581"]
[EventDate "2010.03.26"]

1. Nf3 Nf6 2. c4 c6 3. Nc3 d5 4. e3 e6 5. Qc2 Nbd7 6. b3 Bd6 7. Bb2 a6 8.
h3 e5 9. Be2 Qe7 10. Rc1 O-O 11. g4 dxc4 12. bxc4 Nc5 13. g5 Nfd7 14. d3 b5
15. Ne4 Nxe4 16. dxe4 bxc4 17. Bxc4 Nb6 18. Be2 c5 19. h4 Bd7 20. Kf1 c4
21. Kg2 Rac8 22. Qd2 Bb5 23. Rhd1 Rc6 24. Qe1 f6 25. gxf6 gxf6 26. Qh1 Kh8
27. Qh3 Rg8+ 28. Kh2 Rcc8 29. Rxd6 Qxd6 30. Rd1 Qe7 31. Qf5 Bd7 32. Rxd7
Nxd7 33. Bf1 Rc7 34. Bh3 0-1

[Event "TOP 16 GpA"]
[Site "Vandoeuvre FRA"]
[Date "2010.03.28"]
[Round "3"]
[White "Philippe,C"]
[Black "Colin,V"]
[Result "1-0"]
[WhiteElo "2428"]
[BlackElo "2445"]
[EventDate "2010.03.26"]

1. e4 e5 2. Nf3 Nc6 3. Bc4 Nf6 4. d3 Be7 5. O-O O-O 6. Re1 d6 7. a4 h6 8.
a5 a6 9. Nbd2 Nh7 10. Nf1 Ng5 11. Nxg5 Bxg5 12. c3 Bxc1 13. Qxc1 Ne7 14. f4
Kh7 15. Ng3 exf4 16. Qxf4 Ng6 17. Qf1 Be6 18. d4 c5 19. Bd3 b6 20. b4 cxb4
21. cxb4 b5 22. Rac1 Rc8 23. Rxc8 Bxc8 24. Qf2 Qg5 25. e5 dxe5 26. Rxe5
Qc1+ 27. Nf1 Kg8 28. Rc5 Qa3 29. Qd2 Nf4 30. Qxf4 Qxd3 31. Qd2 Qg6 32. d5
Rd8 33. Ne3 f5 34. Qd4 f4 35. Qxf4 Rf8 36. Qd4 Qb1+ 37. Nd1 Qf5 38. h3 Qf1+
39. Kh2 Bxh3 40. Ne3 Qf2 41. Rc2 Qe1 42. Kxh3 g5 43. Qe4 Qh1+ 44. Kg3 Qh5
45. Rc7 Rf3+ 46. gxf3 1-0

[Event "TOP 16 GpA"]
[Site "Vandoeuvre FRA"]
[Date "2010.03.28"]
[Round "3"]
[White "Geenen,M"]
[Black "Genzling,A"]
[Result "1/2-1/2"]
[WhiteElo "2327"]
[BlackElo "2398"]
[EventDate "2010.03.26"]

1. e4 c5 2. Nf3 g6 3. d4 cxd4 4. Nxd4 Nc6 5. Nc3 Bg7 6. Be3 Nf6 7. Nxc6
bxc6 8. e5 Ng8 9. Bd4 f6 10. f4 Qa5 11. Qe2 fxe5 12. Bxe5 Nf6 13. O-O-O O-O
14. Bd4 e6 15. a3 c5 16. Be5 d5 17. g3 Bd7 18. Qa6 Qb6 19. Qxb6 axb6 20.
Bg2 Bc6 21. Rhe1 Rfe8 22. Nb1 1/2-1/2

[Event "TOP 16 GpA"]
[Site "Vandoeuvre FRA"]
[Date "2010.03.28"]
[Round "3"]
[White "Brunner,N"]
[Black "Sandalakis,A"]
[Result "1/2-1/2"]
[WhiteElo "2420"]
[BlackElo "2319"]
[EventDate "2010.03.26"]

1. d4 Nf6 2. c4 e6 3. Nc3 Bb4 4. Qc2 d5 5. a3 Bxc3+ 6. Qxc3 Ne4 7. Qc2 c5
8. dxc5 Nc6 9. cxd5 exd5 10. Nf3 Qa5+ 11. Bd2 Qxc5 12. Qxc5 Nxc5 13. b4 Nb3
14. Rb1 Nxd2 15. Kxd2 O-O 16. e3 Be6 17. Bb5 Ne7 18. Rhc1 Nf5 19. Bd3 Nd6
20. Rc7 Rfc8 21. Rxc8+ Rxc8 22. Nd4 g6 23. Rb3 Kg7 24. Rc3 Rxc3 25. Kxc3
Kf6 26. Nb5 Nxb5+ 27. Bxb5 Ke5 28. Bd3 h5 29. f4+ Kd6 30. g3 Bg4 31. Kd4
Bh3 32. Bc2 Bg2 33. Bd3 Bh3 34. a4 Bg4 35. a5 Bh3 36. Bb5 Bg2 37. Be8 Ke7
38. Ba4 Kd6 39. Bc2 Bh3 40. Bd1 Bg2 41. f5 Be4 42. fxg6 fxg6 43. h4 b6 44.
Ba4 Ke6 45. Be8 Ke7 46. Bb5 Ke6 47. Bf1 Kd6 48. Bh3 Bf3 49. Bc8 Be2 50. Bb7
Bf3 51. Ba6 Be4 52. Bb5 Ke6 53. Bc6 Kd6 54. Ba4 Ke6 55. Bb3 Kd6 1/2-1/2

[Event "TOP 16 GpA"]
[Site "Vandoeuvre FRA"]
[Date "2010.03.28"]
[Round "3"]
[White "Azadharf,F"]
[Black "Nezar,M"]
[Result "0-1"]
[WhiteElo "2245"]
[BlackElo "2398"]
[EventDate "2010.03.26"]

1. e4 c5 2. Nf3 e6 3. d3 Nc6 4. c3 d5 5. Qc2 g6 6. h4 Nf6 7. Be2 Bg7 8.
Nbd2 Qd6 9. Nf1 Nh5 10. g3 d4 11. Rb1 O-O 12. Ng5 Nf6 13. f3 b5 14. Bf4 e5
15. Bd2 h6 16. Nh3 Be6 17. Qc1 h5 18. c4 bxc4 19. dxc4 a5 20. Nf2 Nb4 21.
a3 Nc6 22. g4 hxg4 23. fxg4 d3 24. Bd1 Qd4 25. Bc3 Qxc4 26. Ne3 Qb5 27. h5
Nh7 28. Nf5 gxh5 29. gxh5 Ba2 30. Ra1 Bb3 31. a4 Qc4 32. Qe3 Nd4 33. Rg1
Kh8 34. Ng4 Bxd1 0-1

[Event "TOP 16 GpA"]
[Site "Vandoeuvre FRA"]
[Date "2010.03.28"]
[Round "3"]
[White "Steil Antoni,F"]
[Black "Fruteau,S"]
[Result "1-0"]
[WhiteElo "2151"]
[BlackElo "2125"]
[EventDate "2010.03.26"]

1. e4 e5 2. Nf3 Nc6 3. Bc4 Bc5 4. b4 Bxb4 5. c3 Bc5 6. d4 exd4 7. O-O d3 8.
Ng5 Nh6 9. Nxf7 Nxf7 10. Bxf7+ Kxf7 11. Qh5+ Kf8 12. Qf5+ Qf6 13. Qxc5+ d6
14. Qe3 Kf7 15. f4 Re8 16. Qxd3 Kg8 17. Nd2 Bg4 18. Rb1 Rab8 19. Bb2 Qf7
20. c4 Re7 21. h3 Bd7 22. Rf3 b5 23. Bc3 bxc4 24. Rxb8+ Nxb8 25. Qb1 Qf8
26. Qf1 Bb5 27. Rg3 Nd7 28. Rg5 Nc5 29. f5 h6 30. Rg4 Nd7 31. f6 Rf7 32.
Qf5 c5 33. Qd5 Kh7 34. Rxg7+ Rxg7 35. fxg7 Qg8 36. Qf5+ 1-0

[Event "TOP 16 GpA"]
[Site "Vandoeuvre FRA"]
[Date "2010.03.28"]
[Round "3"]
[White "Swinkels,R"]
[Black "Legky,N"]
[Result "0-1"]
[WhiteElo "2501"]
[BlackElo "2428"]
[EventDate "2010.03.26"]

1. e4 c5 2. Nf3 Nf6 3. e5 Nd5 4. Nc3 e6 5. Ne4 f5 6. Nc3 Nxc3 7. dxc3 b6 8.
Bf4 Bb7 9. h4 Nc6 10. h5 Qc7 11. Qe2 Be7 12. O-O-O O-O-O 13. Rh3 Rhg8 14.
Qe3 Rdf8 15. Bb5 a6 16. Bxc6 Qxc6 17. Rg3 Qe4 18. Qd2 Qd5 19. Ng5 Bxg5 20.
Rxg5 Qxd2+ 21. Rxd2 g6 22. h6 Bd5 23. b3 c4 24. Rd4 b5 25. Kd2 Kd8 26. Rg3
Ke7 27. Bg5+ Kf7 28. Kc1 Rc8 29. Kb2 Rc6 30. Bf4 Rgc8 31. Rd2 b4 32. Rd4
cxb3 33. axb3 bxc3+ 34. Kc1 a5 35. Rgd3 Rg8 36. Bg5 Rb8 37. f3 Rb4 38. Be3
Rc8 39. Kd1 Rb5 40. Bf4 a4 41. Rxa4 Rxb3 42. Kc1 Rb5 43. Ra3 Rb4 44. g3
Rbc4 45. Ra7 Bc6 46. Rdxd7+ Bxd7 47. Rxd7+ Kg8 48. Rg7+ Kh8 49. Re7 R4c7
50. Rxe6 Rd7 51. Rd6 Rxd6 52. exd6 Kg8 53. Bg5 Ra8 54. Kd1 Ra6 55. Bf4 Ra5
56. Ke2 Rd5 57. g4 Kf7 58. gxf5 gxf5 59. Kf2 Ke6 60. Ke2 Rd4 61. Ke3 Rd2
62. Bg3 Rg2 63. Bf4 Rxc2 64. Kd3 Rf2 65. Ke3 Rd2 66. Bg3 Rd1 0-1

[Event "TOP 16 GpA"]
[Site "Vandoeuvre FRA"]
[Date "2010.03.28"]
[Round "3"]
[White "Sarthou,G"]
[Black "Todorov,T"]
[Result "0-1"]
[WhiteElo "2386"]
[BlackElo "2493"]
[EventDate "2010.03.26"]

1. e4 g6 2. d4 Bg7 3. Nc3 d6 4. f4 Nf6 5. e5 dxe5 6. dxe5 Qxd1+ 7. Kxd1 Ng4
8. Ke1 f6 9. h3 Nh6 10. Nd5 Kd8 11. Be3 c6 12. exf6 exf6 13. Nc3 Re8 14.
Rd1+ Kc7 15. Kd2 Nf5 16. Bf2 Bh6 17. g3 Nd7 18. Bd3 Nc5 19. Nge2 Nd6 20.
Kc1 Bd7 21. Kb1 Nxd3 22. Rxd3 Bf5 23. Rdd1 Ne4 24. Be1 Rad8 25. Rxd8 Rxd8
26. b3 Re8 27. Rh2 Bf8 28. Nxe4 Rxe4 29. Bc3 Be7 30. Kc1 h5 31. Kd2 c5 32.
a4 Kc6 33. Ng1 h4 34. g4 Bc8 35. Rf2 f5 36. g5 Be6 37. Ne2 Kd5 38. Bf6 Kd6
39. c4 Bd7 40. Be5+ 0-1

[Event "TOP 16 GpA"]
[Site "Vandoeuvre FRA"]
[Date "2010.03.28"]
[Round "3"]
[White "Komarov,Di"]
[Black "Touzane,O"]
[Result "1/2-1/2"]
[WhiteElo "2523"]
[BlackElo "2287"]
[EventDate "2010.03.26"]

1. d4 d5 2. Nf3 Nf6 3. c4 e6 4. Nc3 Be7 5. Qc2 O-O 6. Bg5 h6 7. Bh4 Ne4 8.
Bxe7 Qxe7 9. e3 Nxc3 10. Qxc3 c6 11. Bd3 dxc4 12. Bxc4 b6 13. Be2 Bb7 14.
Ne5 c5 15. dxc5 Rc8 16. b4 bxc5 17. bxc5 Nd7 18. Nc4 Nf6 19. O-O Rab8
1/2-1/2

[Event "TOP 16 GpA"]
[Site "Vandoeuvre FRA"]
[Date "2010.03.28"]
[Round "3"]
[White "Buscara,S"]
[Black "Bijaoui,M"]
[Result "0-1"]
[WhiteElo "2238"]
[BlackElo "2410"]
[EventDate "2010.03.26"]

1. d4 Nf6 2. Nf3 g6 3. Bf4 Bg7 4. e3 O-O 5. Be2 d6 6. O-O Nfd7 7. c4 e5 8.
Bg3 Nc6 9. Nc3 h6 10. dxe5 Ndxe5 11. Nxe5 Nxe5 12. Qb3 Be6 13. Nd5 Rb8 14.
a4 a6 15. Nf4 Bf5 16. Rad1 Nd7 17. f3 Re8 18. e4 Nc5 19. Qa3 Bd7 20. a5 Qc8
21. Nd5 Ne6 22. Bf2 c5 23. Nb6 Qc7 24. Nd5 Qd8 25. b4 Nd4 26. Bxd4 Bxd4+
27. Kh1 Be6 28. b5 axb5 29. Nf4 b4 30. Qa4 Ra8 31. Rxd4 cxd4 32. Qxb4 Qxa5
33. Qxd6 Rad8 0-1

[Event "TOP 16 GpA"]
[Site "Vandoeuvre FRA"]
[Date "2010.03.28"]
[Round "3"]
[White "Karr,JP"]
[Black "Litwak,A"]
[Result "1/2-1/2"]
[WhiteElo "2385"]
[BlackElo "2269"]
[EventDate "2010.03.26"]

1. d4 d5 2. c4 e6 3. Nc3 c5 4. cxd5 exd5 5. Nf3 Nc6 6. g3 Nf6 7. Bg2 Be7 8.
O-O O-O 9. Bg5 c4 10. Ne5 Be6 11. Nxc6 bxc6 12. b3 Qa5 13. Na4 Rfd8 14. Qc2
Rac8 15. Rfe1 c5 1/2-1/2

[Event "TOP 16 GpA"]
[Site "Vandoeuvre FRA"]
[Date "2010.03.28"]
[Round "3"]
[White "Kaufeld,J"]
[Black "Giffard,N"]
[Result "1/2-1/2"]
[WhiteElo "2241"]
[BlackElo "2361"]
[EventDate "2010.03.26"]

1. d4 Nf6 2. c4 e6 3. Nf3 Bb4+ 4. Bd2 a5 5. g3 O-O 6. Bg2 b6 7. O-O c6 8.
Qc2 d5 9. Bf4 Bd6 10. Bxd6 Qxd6 11. Nbd2 Ba6 12. Rac1 Qd8 13. Rfd1 Nbd7 14.
e4 Rc8 15. e5 Ne8 16. cxd5 cxd5 17. Qb3 1/2-1/2

[Event "TOP 16 GpA"]
[Site "Evry FRA"]
[Date "2010.03.28"]
[Round "3"]
[White "Kogan,Ar"]
[Black "Nataf,IA"]
[Result "1-0"]
[WhiteElo "2524"]
[BlackElo "2534"]
[EventDate "2010.03.26"]

1. e4 c5 2. Nf3 Nc6 3. Nc3 g6 4. Bc4 Bg7 5. O-O e6 6. d4 Nxd4 7. Nxd4 cxd4
8. Nb5 d5 9. exd5 exd5 10. Bb3 Ne7 11. Re1 a6 12. Nxd4 h6 13. c3 O-O 14.
Qf3 b5 15. Bf4 Ra7 16. Qe3 g5 17. Be5 Bxe5 18. Qxe5 Rd7 19. Bc2 Qc7 20. Qf6
1-0

[Event "TOP 16 GpA"]
[Site "Evry FRA"]
[Date "2010.03.28"]
[Round "3"]
[White "Marzolo,C"]
[Black "Hauchard,A"]
[Result "1/2-1/2"]
[WhiteElo "2470"]
[BlackElo "2527"]
[EventDate "2010.03.26"]

1. d4 d6 2. c4 e5 3. d5 Be7 4. Nc3 Nf6 5. e4 O-O 6. h3 Nbd7 7. Bd3 a5 8.
Nf3 Nc5 9. Bc2 c6 10. Be3 cxd5 11. cxd5 Qc7 12. O-O Bd7 13. a4 Rfc8 14.
Bxc5 Qxc5 15. Bd3 Bd8 16. Nd2 Bb6 17. Qe2 Qc7 18. Rac1 Bc5 19. Bb5 Qd8 20.
Nc4 Ne8 21. Bxd7 Qxd7 22. Nb5 b6 23. Kh2 Rab8 24. Qg4 Qxg4 25. hxg4 Ra8 26.
g3 Rd8 27. Kg2 Nf6 28. f3 h6 29. Rh1 Kf8 30. Kf1 Ke7 31. Ke2 Rh8 32. Rc2 g6
33. Kd3 h5 34. Rch2 Rhf8 35. g5 Nd7 36. f4 f6 37. Nc7 Rac8 38. Ne6 Rf7 39.
f5 Rg8 40. fxg6 Rxg6 41. Rxh5 fxg5 42. Rh7 Rgf6 43. Nxg5 Rxh7 44. Rxh7+ Ke8
45. Rh8+ Ke7 46. Rh7+ Ke8 47. Rg7 Bd4 48. Ne6 Nc5+ 49. Nxc5 Bxc5 50. Rg8+
Kf7 51. Rg5 Rf3+ 52. Kc2 Rf2+ 53. Kd3 Rf3+ 1/2-1/2

[Event "TOP 16 GpA"]
[Site "Evry FRA"]
[Date "2010.03.28"]
[Round "3"]
[White "Feller,S"]
[Black "Degraeve,JM"]
[Result "1/2-1/2"]
[WhiteElo "2576"]
[BlackElo "2563"]
[EventDate "2010.03.26"]

1. c4 e5 2. Nc3 Nf6 3. Nf3 Nc6 4. g3 g6 5. Bg2 Bg7 6. d4 d6 7. dxe5 Nxe5 8.
O-O O-O 9. b3 Nxf3+ 10. Bxf3 Bh3 11. Re1 c6 12. Bf4 Qa5 13. Rc1 Rad8 14.
Qd2 Ng4 15. Bxg4 Bxg4 16. Bh6 Bxh6 17. Qxh6 d5 18. cxd5 cxd5 19. Qf4 d4 20.
Ne4 Be6 21. Qh4 Qe5 22. Rc5 Bd5 23. Nf6+ Kg7 24. Ng4 Qe6 25. Qh6+ Kg8 26.
Qf4 f6 27. Rc7 Bc6 28. Rxh7 Kxh7 1/2-1/2

[Event "TOP 16 GpA"]
[Site "Evry FRA"]
[Date "2010.03.28"]
[Round "3"]
[White "Delorme,L"]
[Black "Milliet,S"]
[Result "0-1"]
[WhiteElo "2226"]
[BlackElo "2391"]
[EventDate "2010.03.26"]

1. d4 Nf6 2. Nf3 c5 3. d5 g6 4. c4 b5 5. Qc2 Bg7 6. e4 O-O 7. cxb5 a6 8.
Nc3 Bb7 9. Bc4 e6 10. O-O axb5 11. Nxb5 exd5 12. exd5 Nxd5 13. Nd6 Nb4 14.
Qb3 Bxf3 15. Qxf3 N8c6 16. Nxf7 Qh4 17. Nd6+ Kh8 18. Qg3 Qxg3 19. hxg3 Ne5
20. Bb3 Ra6 21. Nc4 Ned3 22. Ne3 Nxb2 23. Rb1 N4d3 24. Bd2 Bd4 25. Bd5 Raf6
26. Ng4 Rd6 27. Bf3 c4 28. Be3 c3 29. Bxd4+ Rxd4 30. Ne3 Ra4 31. Bd5 Ra5
32. Bb3 Rc8 33. f4 Re8 34. Nd1 Rc5 35. Bc2 Nb4 36. Nxb2 cxb2 37. Bb3 Nd3
38. a4 Rc1 39. Kh2 Ree1 40. Rxe1 Rxe1 41. Bc2 Rxb1 42. Bxb1 Nb4 43. Kg1 d5
44. Kf2 d4 45. a5 Kg7 46. Kf3 Kf6 47. Ke4 d3 48. Ke3 Kf5 49. a6 Nxa6 50.
Bxd3+ Kg4 51. Kd4 Nb4 52. Bb1 Nc6+ 53. Kc3 Ne7 54. Kxb2 Kxg3 55. Be4 Kxf4
56. Bb7 Kg3 57. Kc3 Nf5 58. Kd3 Nh4 59. Ke4 Nxg2 60. Ke5 h5 61. Kf6 h4 62.
Bc8 Nf4 63. Kg5 h3 64. Bxh3 Kxh3 65. Kxf4 Kh4 0-1

[Event "TOP 16 GpA"]
[Site "Evry FRA"]
[Date "2010.03.28"]
[Round "3"]
[White "Gozzoli,Y"]
[Black "Dorfman,I"]
[Result "1/2-1/2"]
[WhiteElo "2515"]
[BlackElo "2587"]
[EventDate "2010.03.26"]

1. d4 d5 2. c4 e6 3. Nc3 c6 4. Nf3 dxc4 5. Bg5 Be7 6. Bxe7 Nxe7 7. e3 O-O
8. Bxc4 c5 9. O-O cxd4 10. Qxd4 Qxd4 11. Nxd4 Bd7 12. Rfd1 Nbc6 13. Ndb5
Rfd8 14. Nd6 Rab8 15. Rd2 Nc8 16. Rad1 Nxd6 17. Rxd6 Be8 18. Rxd8 1/2-1/2

[Event "TOP 16 GpA"]
[Site "Evry FRA"]
[Date "2010.03.28"]
[Round "3"]
[White "Svidler,P"]
[Black "Bacrot,E"]
[Result "1/2-1/2"]
[WhiteElo "2750"]
[BlackElo "2714"]
[EventDate "2010.03.26"]

1. Nf3 Nf6 2. c4 e6 3. g3 d5 4. d4 dxc4 5. Bg2 c5 6. O-O Nc6 7. Ne5 Bd7 8.
Na3 cxd4 9. Naxc4 Be7 10. Bf4 Rc8 11. Qb3 Nd5 12. Qxb7 Nxe5 13. Nxe5 Rc7
14. Qa6 Nxf4 15. gxf4 O-O 16. Rfc1 Qc8 17. Qxc8 Rfxc8 18. Rxc7 Rxc7 19.
Nxd7 1/2-1/2

[Event "TOP 16 GpA"]
[Site "Evry FRA"]
[Date "2010.03.28"]
[Round "3"]
[White "Eljanov,P"]
[Black "Delchev,A"]
[Result "1-0"]
[WhiteElo "2736"]
[BlackElo "2625"]
[EventDate "2010.03.26"]

1. d4 Nf6 2. c4 e6 3. Nc3 Bb4 4. Qc2 O-O 5. e4 d6 6. a3 Bxc3+ 7. bxc3 e5 8.
Bd3 Nc6 9. Ne2 b6 10. O-O Ba6 11. f4 Nd7 12. Rf3 Na5 13. Ng3 Bxc4 14. Nf5
Bxd3 15. Rxd3 g6 16. Nh6+ Kh8 17. f5 Qe7 18. Rh3 Rae8 19. d5 Rc8 20. Bd2 g5
21. f6 Qxf6 22. Nf5 Rg8 23. Rf1 Rcf8 24. Qd1 g4 25. Rh5 Rg6 26. Qe1 Nb3 27.
Bh6 Rfg8 28. Bg5 1-0

[Event "TOP 16 GpA"]
[Site "Evry FRA"]
[Date "2010.03.28"]
[Round "3"]
[White "Sokolov,Ivan"]
[Black "Dumitrache,D"]
[Result "1/2-1/2"]
[WhiteElo "2638"]
[BlackElo "2467"]
[EventDate "2010.03.26"]

1. d4 d6 2. Nf3 Bg4 3. c4 Bxf3 4. exf3 c6 5. Nc3 Nf6 6. d5 g6 7. Be3 Bg7 8.
Be2 Na6 9. O-O O-O 10. a3 e6 11. dxe6 fxe6 12. Qc2 Qc7 13. Rfd1 Rad8 14. b4
Qb8 15. f4 Nc7 16. g3 d5 17. Rac1 Nfe8 18. Bc5 Rf7 19. Bg4 b6 20. Bd4 Bxd4
21. Rxd4 Nd6 22. cxd5 cxd5 23. Re1 Re8 24. h4 Qd8 25. Rd2 Qf6 26. Rde2 Rfe7
27. Qd3 Kg7 28. a4 Nf5 29. Bxf5 exf5 30. Rxe7+ Rxe7 31. Rxe7+ Qxe7 32. Nxd5
Nxd5 33. Qxd5 Qxb4 34. Qd7+ Kh6 35. Qf7 Qe1+ 1/2-1/2

[Event "TOP 16 GpA"]
[Site "Evry FRA"]
[Date "2010.03.28"]
[Round "3"]
[White "Cornette,M"]
[Black "Magem Badals,J"]
[Result "1/2-1/2"]
[WhiteElo "2552"]
[BlackElo "2576"]
[EventDate "2010.03.26"]

1. e4 c6 2. d4 d5 3. Nc3 dxe4 4. Nxe4 Bf5 5. Nc3 Bg6 6. h4 h6 7. Nf3 Nd7 8.
h5 Bh7 9. Bd3 Bxd3 10. Qxd3 e6 11. Bd2 Ngf6 12. O-O-O Be7 13. Kb1 O-O 14.
Ne4 c5 15. g4 Nxg4 16. Qe2 cxd4 17. Nxd4 Ndf6 18. Nxf6+ Nxf6 19. Bxh6 gxh6
20. Nxe6 Qb6 21. Rhg1+ Kh8 22. Nxf8 Bxf8 23. Rd3 Re8 24. Qf3 Bg7 25. c3 Qb5
26. Rd4 b6 27. Qg2 Bf8 28. a4 Qf5+ 29. Ka1 1/2-1/2

[Event "TOP 16 GpA"]
[Site "Evry FRA"]
[Date "2010.03.28"]
[Round "3"]
[White "Gofshtein,L"]
[Black "Le Roux,JP"]
[Result "1/2-1/2"]
[WhiteElo "2540"]
[BlackElo "2512"]
[EventDate "2010.03.26"]

1. c4 Nf6 2. g3 c6 3. b3 d5 4. Bb2 Bg4 5. Bg2 e6 6. Nf3 Nbd7 7. O-O Bd6 8.
d4 O-O 9. Nbd2 Qe7 10. Re1 Rad8 11. Qc1 Rfe8 12. e4 Nxe4 13. Nxe4 dxe4 14.
Rxe4 Nf6 15. Re3 Qc7 16. Qe1 Bf5 17. Rd1 h6 18. h3 Bc2 19. Rc1 Bg6 20. b4
Bf8 21. a3 Bh7 22. Qc3 a5 23. Qb3 axb4 24. axb4 Qe7 25. Ne5 Nd7 26. c5 Nxe5
27. Rxe5 Ra8 28. Rce1 1/2-1/2

[Event "TOP 16 GpA"]
[Site "Evry FRA"]
[Date "2010.03.28"]
[Round "3"]
[White "Housieaux,D"]
[Black "Le Goff,D"]
[Result "1-0"]
[WhiteElo "2431"]
[BlackElo "2281"]
[EventDate "2010.03.26"]

1. Nf3 Nf6 2. c4 e6 3. g3 a6 4. Bg2 b5 5. Ne5 Ra7 6. d4 Bb7 7. d5 Bb4+ 8.
Nc3 c5 9. O-O d6 10. Nc6 Bxc6 11. dxc6 bxc4 12. Bf4 Bxc3 13. bxc3 Ke7 14.
Qa4 Qc8 15. Rab1 Nd5 16. Bxd5 exd5 17. Rb6 Rc7 18. e4 Rxc6 19. Rxb8 1-0

[Event "TOP 16 GpA"]
[Site "Evry FRA"]
[Date "2010.03.28"]
[Round "3"]
[White "Nguyen Chi Minh"]
[Black "Bailet,P"]
[Result "0-1"]
[WhiteElo "2439"]
[BlackElo "2367"]
[EventDate "2010.03.26"]

1. d4 Nf6 2. c4 g6 3. Nc3 Bg7 4. e4 d6 5. f4 O-O 6. Nf3 Na6 7. e5 Nd7 8.
Be2 c5 9. exd6 cxd4 10. Nxd4 Nb6 11. Ndb5 Be6 12. O-O Bxc4 13. Bxc4 Nxc4
14. dxe7 Qxe7 15. f5 Nb4 16. Qb3 Qc5+ 17. Kh1 gxf5 18. Bf4 a6 19. Nc7 Na5
20. Qa3 Nc4 21. Qb3 Na5 22. Qd1 Rad8 23. Qh5 Nd3 24. Bg3 f4 25. Qxc5 Nxc5
26. Rxf4 Nd3 27. Rf5 Nc6 28. N3d5 Nd4 29. Rff1 f5 30. Bh4 Rd7 31. g4 Rff7
32. gxf5 Nxf5 33. Bg5 h6 34. Bf6 Bxf6 35. Rxf5 Bxb2 36. Rg1+ Kh7 37. Rgf1
Rxf5 38. Rxf5 Be5 39. Rf3 Nf4 40. Nxf4 Rxc7 41. Nd3 Bd4 42. Rf4 Bg7 43. a4
Rc3 44. Nf2 Rc2 45. Ne4 b5 46. axb5 axb5 47. Rf7 Kg6 48. Rb7 Rb2 49. Rb6+
Kh5 50. Ng3+ Kg4 51. Rg6+ Kf3 52. Nf1 Bd4 53. Rxh6 Rb1 0-1

[Event "TOP 16 GpA"]
[Site "Evry FRA"]
[Date "2010.03.28"]
[Round "3"]
[White "Le Diouron,A"]
[Black "Assad,K"]
[Result "1-0"]
[WhiteElo "1956"]
[BlackElo "2056"]
[EventDate "2010.03.26"]

1. e4 e5 2. Nf3 Nc6 3. Bc4 Be7 4. d4 exd4 5. Nxd4 Nf6 6. Nc3 Ne5 7. Bb3 d6
8. h3 c6 9. f4 Ng6 10. Be3 Qc7 11. Qd3 b5 12. a3 Rb8 13. g4 a5 14. g5 Ng8
15. h4 h6 16. O-O-O h5 17. Nf5 Bxf5 18. exf5 Nf8 19. g6 f6 20. Bf7+ Kd7 21.
Ne4 d5 22. Rhe1 Nh6 23. Nc5+ Bxc5 24. Bxc5 Nxf5 25. Bxd5 Kc8 26. Bxf8 Rxf8
27. Be6+ Kb7 28. Bxf5 Rfe8 29. Rxe8 Rxe8 30. Qd7 Re7 31. Qxc7+ Kxc7 32. Kd2
Kb6 33. Re1 Rc7 34. Re8 Kc5 35. Rf8 1-0

[Event "TOP 16 GpB"]
[Site "Clichy FRA"]
[Date "2010.03.26"]
[Round "1"]
[White "Jakovenko,D"]
[Black "Riazantsev,A"]
[Result "1/2-1/2"]
[WhiteElo "2725"]
[BlackElo "2660"]
[EventDate "2010.03.26"]

1. Nf3 d5 2. d4 Nf6 3. c4 e6 4. g3 Bb4+ 5. Bd2 Be7 6. Bg2 c6 7. O-O O-O 8.
Bf4 Nbd7 9. Nc3 dxc4 10. e4 Re8 11. a4 b6 12. d5 exd5 13. e5 Ne4 14. Nxd5
cxd5 15. Qxd5 Bb7 16. Qxb7 Ndc5 17. Qc6 Rc8 18. Qb5 Nd3 19. Be3 Bc5 20. a5
Nexf2 21. Bxf2 Bxf2+ 22. Rxf2 Rc5 23. Qa6 Nxf2 24. axb6 Rc6 25. Kxf2 Rxb6
26. Qxc4 Rxb2+ 27. Kg1 Qb6+ 28. Qd4 Rb1+ 29. Rxb1 Qxb1+ 30. Bf1 a5 31. Qa4
Qb6+ 32. Kg2 Rc8 33. Bd3 g6 34. Qf4 Qc6 35. Be4 Qd7 36. Ng5 a4 37. Qh4 Qd2+
38. Kh3 Qd7+ 39. Kg2 Qd2+ 40. Kh3 Qd7+ 1/2-1/2

[Event "TOP 16 GpB"]
[Site "Clichy FRA"]
[Date "2010.03.26"]
[Round "1"]
[White "Svetushkin,D"]
[Black "Fressinet,L"]
[Result "1/2-1/2"]
[WhiteElo "2554"]
[BlackElo "2670"]
[EventDate "2010.03.26"]

1. e4 e5 2. Nf3 Nc6 3. Bb5 a6 4. Ba4 Nf6 5. O-O b5 6. Bb3 Bc5 7. c3 d6 8.
a4 Rb8 9. d4 Bb6 10. Qd3 O-O 11. axb5 axb5 12. Bg5 h6 13. Bxf6 Qxf6 14.
Qxb5 Na7 15. Qd3 exd4 16. cxd4 Nc6 17. Ra4 Bd7 18. Bc2 Ne7 19. Ra3 Ng6 20.
e5 dxe5 21. Nxe5 Rbd8 22. Nc3 Bxd4 23. Nxg6 Qxg6 24. Qxg6 fxg6 25. Nd5 Rde8
26. Ne3 Bxb2 27. Ra7 Be5 28. Bxg6 Ra8 29. Rxa8 Rxa8 30. Rd1 Be6 31. Be4 Ra2
32. g3 c5 33. Bd5 Bxd5 34. Rxd5 Bd4 35. Rd7 Bxe3 36. fxe3 c4 37. Rc7 Rc2
38. e4 Kf8 39. e5 c3 40. e6 g5 41. g4 Re2 1/2-1/2

[Event "TOP 16 GpB"]
[Site "Clichy FRA"]
[Date "2010.03.26"]
[Round "1"]
[White "Pelletier,Y"]
[Black "Postny,E"]
[Result "1/2-1/2"]
[WhiteElo "2611"]
[BlackElo "2641"]
[EventDate "2010.03.26"]

1. d4 d5 2. c4 c6 3. Nf3 Nf6 4. Nc3 dxc4 5. a4 e6 6. e3 c5 7. Bxc4 cxd4 8.
exd4 Be7 9. O-O O-O 10. Re1 Nc6 11. Bg5 Bd7 12. Qe2 Nb4 13. Ne5 Rc8 14. h4
Be8 15. Rad1 Nbd5 16. Rd3 Bc6 17. Rg3 Kh8 18. Nxf7+ Rxf7 19. Qxe6 Rf8 20.
Bxd5 Nxd5 21. Bxe7 Nxe7 22. Qxe7 Qxd4 23. Ree3 Rce8 24. Qg5 h6 25. Qg4 Rf4
26. Rxe8+ Bxe8 27. Qe2 Bxa4 28. Rd3 Qc4 29. g3 Rd4 30. Rxd4 Qxd4 31. Nxa4
Qxa4 32. Qe5 Qc6 33. Qb8+ Kh7 34. Qe5 a5 35. Qxa5 Qc1+ 36. Kg2 Qxb2 37.
Qf5+ g6 38. Qe4 h5 39. g4 hxg4 40. h5 Qg7 41. hxg6+ Kh6 42. Qf4+ Kxg6 43.
Qxg4+ Kf6 44. Qxg7+ Kxg7 45. Kf3 1/2-1/2

[Event "TOP 16 GpB"]
[Site "Clichy FRA"]
[Date "2010.03.26"]
[Round "1"]
[White "Hamdouchi,H"]
[Black "Hisler,T"]
[Result "1-0"]
[WhiteElo "2606"]
[BlackElo "2240"]
[EventDate "2010.03.26"]

1. e4 e5 2. Nf3 Nc6 3. Bc4 Nf6 4. d3 Be7 5. O-O O-O 6. Re1 d6 7. a4 Kh8 8.
h3 h6 9. a5 Rb8 10. Nc3 Nh7 11. d4 Bf6 12. dxe5 Nxe5 13. Nxe5 dxe5 14. Be3
b6 15. Qxd8 Bxd8 16. Nb5 Bb7 17. a6 Ba8 18. f3 c6 19. Nd6 Kg8 20. Red1 Nf6
21. b4 Bc7 22. Rd3 Rbd8 23. Rad1 Bxd6 24. Rxd6 Rxd6 25. Rxd6 Re8 26. Bxh6
Kf8 27. Rxf6 gxh6 28. Rxf7+ Kg8 29. Rxa7+ 1-0

[Event "TOP 16 GpB"]
[Site "Clichy FRA"]
[Date "2010.03.26"]
[Round "1"]
[White "Collas,S"]
[Black "Maze,S"]
[Result "0-1"]
[WhiteElo "2313"]
[BlackElo "2554"]
[EventDate "2010.03.26"]

1. d4 Nf6 2. Nf3 g6 3. Nc3 d5 4. Bf4 Bg7 5. e3 O-O 6. Be2 c5 7. Ne5 Nc6 8.
Nxc6 bxc6 9. Be5 Qa5 10. O-O Nd7 11. Bxg7 Kxg7 12. Qd2 e5 13. dxe5 Nxe5 14.
Rfd1 Ba6 15. Bxa6 Qxa6 16. b3 f6 17. Na4 Qb5 18. Qc3 Nd7 19. Rd2 Rae8 20.
Qb2 Rf7 21. Rad1 Ree7 22. Qa3 Qa5 23. c3 Re4 24. h3 Nb6 25. c4 Nxc4 26.
Qxc5 Qxc5 27. Nxc5 Nxd2 28. Rxd2 Re8 29. Kf1 Kf8 30. Rd4 Ke7 31. Ra4 Kd6
32. b4 Rb8 33. Nb3 f5 34. g3 Re7 35. h4 Rb6 36. a3 d4 37. Nxd4 c5 38. bxc5+
Kxc5 39. Ke2 Rb2+ 40. Kf3 Reb7 41. h5 Kb6 42. hxg6 hxg6 43. Rb4+ Rxb4 44.
axb4 a6 45. Kf4 Kc7 46. Nc2 Kd7 47. g4 Rc7 48. Nd4 fxg4 49. Kxg4 Rc4 50.
Kg5 Rxb4 51. Kxg6 a5 52. f4 a4 53. f5 a3 54. Nc2 a2 55. f6 Rg4+ 56. Kf7 Rg2
57. Na1 Rg1 58. Nb3 Rb1 59. Nc5+ Kc6 0-1

[Event "TOP 16 GpB"]
[Site "Clichy FRA"]
[Date "2010.03.26"]
[Round "1"]
[White "Skripchenko,A"]
[Black "Pucher,O"]
[Result "0-1"]
[WhiteElo "2456"]
[BlackElo "2342"]
[EventDate "2010.03.26"]

1. e4 c5 2. b3 b6 3. Bb2 Bb7 4. Nc3 e6 5. Qf3 Nf6 6. O-O-O a6 7. Re1 d6 8.
g4 d5 9. exd5 Be7 10. g5 Nxd5 11. h4 O-O 12. Bd3 Qd7 13. Be4 f5 14. gxf6
Bxf6 15. Qd3 Nxc3 16. Qxd7 Nxd7 17. Bxb7 Ra7 18. dxc3 Rxb7 19. Rxe6 c4 20.
Ne2 Nc5 21. Re3 Rd8 22. Kb1 Rd2 23. Bc1 Rd5 24. Nf4 Rf5 25. Ne6 Rxf2 26.
Ng5 g6 27. Rd1 h6 28. Nh3 Rf5 29. Rg3 Ne4 30. Rxg6+ Kf7 31. Rxf6+ Rxf6 32.
Kb2 Nxc3 33. Re1 Re7 34. Rh1 Ne2 35. Bd2 c3+ 36. Bxc3 Nxc3 37. Kxc3 Rf3+
38. Kd2 Re4 39. a4 Rxh4 40. Ng1 Rf2+ 0-1